|
|
|
|
| LEADER |
01205Cam#a22003495a#4500 |
| 001 |
019615 |
| 005 |
20160721154916.0 |
| 008 |
080218s2000####ag d frb #000|0#spa#d |
| 020 |
|
|
|a 9875000434
|
| 040 |
|
|
|a AR-beUNQ
|
| 044 |
|
|
|a ag
|
| 082 |
0 |
4 |
|a 305.56
|2 21
|
| 092 |
|
|
|a 305.56
|l WAC
|
| 100 |
1 |
|
|a Wacquant, Loïc
|
| 245 |
1 |
3 |
|a Las cárceles de la miseria /
|c Loïc Wacquant.
|
| 250 |
|
|
|a 1a. ed. ; 3a. reimpr.
|
| 260 |
|
|
|a Buenos Aires :
|b Manantial,
|c c2000.
|
| 300 |
|
|
|a 190 p :
|b gráficos ;
|c 20 cm.
|
| 500 |
|
|
|a Traducido de: Les prisons de la misère, 1999.
|
| 500 |
|
|
|a Traducido por: Horacio Pons.
|
| 504 |
|
|
|a Incluye referencias bibliográficas y bibliografía (p. 173-186).
|
| 650 |
|
7 |
|a Problemas sociales
|2 Spines
|
| 650 |
|
7 |
|a Marginados
|2 Spines
|
| 650 |
|
7 |
|a Delincuencia
|2 Spines
|
| 650 |
|
7 |
|a Relaciones sociales
|2 Spines
|
| 650 |
|
7 |
|a Represión
|2 Spines
|
| 650 |
|
7 |
|a Control social
|2 Spines
|
| 650 |
|
7 |
|a Sanciones penales
|2 Spines
|
| 929 |
|
|
|a COMPRA
|b Intelecnia
|c Exp. 827-0517/07 1a. compra
|d 16,70
|e 20080213
|f PAT0022442
|j 41332
|
| 929 |
|
|
|a COMPRA
|b Intelecnia
|c Exp. 827-0517/07 1a. compra
|d 16,50
|e 20080213
|f PAT0022441
|j 41333
|
| 942 |
|
|
|c LIB
|n 0
|
| 999 |
|
|
|c 19435
|d 94822
|